Statistics for Translate These Countries From Greek to English

Click here to take the quiz!

General Stats

  • This quiz has been taken 612 times
  • The average score is 14 of 20

Answer Stats

GreekEnglish% Correct
ΡωσίαRussia
84%
ΝεπάλNepal
84%
ΙσπανίαSpain
81%
ΒενεζουέλαVenezuela
81%
ΝορβηγίαNorway
81%
ΠορτογαλίαPortugal
80%
ΣαμόαSamoa
78%
Νότια ΑφρικήSouth Africa
76%
ΙνδονησίαIndonesia
75%
ΙαπωνίαJapan
74%
Δομινικανή ΔημοκρατίαDominican Republic
73%
ΝαουρούNauru
72%
ΚιργιστάνKyrgyzstan
71%
ΙορδανίαJordan
68%
ΧιλήChile
67%
ΟυρουγουάηUruguay
64%
ΣεϋχέλλεςSeychelles
63%
ΕλβετίαSwitzerland
61%
ΓροιλανδίαGreenland
60%
Αγία ΛουκίαSt Lucia
50%

Score Distribution

Percentile by Number Answered

Percent of People with Each Score

Your Score History

You have not taken this quiz